00693nam a2200181Ia 4500008004100000020001800041041000800059082001500067100002400082245009100106260002300197300000800220365001600228700002400244906005400268999001900322952017000341230718s9999 xx 000 0 und d a9789350231913 aeng a629.8bHUG aHughes J.M.9159709 aReal World Instrumentation With PythonbAutomated Data Acquisition And Control Systems c2010bO'Reilly/SPD a595 cRs.b975.00 aHughes J.M.9159709 dO:0374013-Feb-2014B:494209-Jan-2014cINSTb2437.5 c335337d335337 00104070aCCEPbCCEPd2014-02-13eTechnical Book ServicesfINSTg731.25i4942l0o629.8pCCEP-BK-46544r2023-07-18 00:00:00t2437.5v975.00w2014-01-09yBKz046544